000 00335nam a22001577a 4500
003 SGT
020 _a978-81-312-4885-0
082 _a615.015
_bB17S
100 _aSATYANARAYANA,V.
245 _aBIOCHEMISTRY
250 _a5TH
260 _aKOLKATA
_bELSEVIER PUB
_c2017
300 _a2017
650 _aPHARMACY
942 _2ddc
_cBK
_049
999 _c15525
_d15525